Derecho Parlamentario Español
Saved in:
| Hovedforfatter: | |
|---|---|
| Format: | Ukendt |
| Sprog: | engelsk spansk |
| Udgivet: |
Madrid, España
Dykinson
2019
|
| Udgivelse: | Segunda edición |
| Fag: | |
| Tags: |
Tilføj Tag
Ingen Tags, Vær først til at tagge denne postø!
|
MARC
| LEADER | 00000 a2200000 4500 | ||
|---|---|---|---|
| 003 | CL-VaPUC | ||
| 005 | 20220712171403.0 | ||
| 008 | 200117b ||||| |||| 00| 0 eng d | ||
| 020 | |a 9788491489955 | ||
| 040 | |c Pontificia Universidad Católica de Valparaíso | ||
| 041 | 0 | |a spa | |
| 082 | |a 328.4609 SAN 2019 | ||
| 100 | 1 | |a Santaolalla López, Fernando |9 605024 | |
| 245 | 1 | 0 | |a Derecho Parlamentario Español |
| 250 | |a Segunda edición | ||
| 260 | 3 | |b Dykinson |c 2019 |a Madrid, España | |
| 300 | |a 486 p | ||
| 505 | 0 | |a Primera parte. Concepto y fuentes. Segunda parte. Organización de las cortes generales. Tercera parte. Funciones y procedimientos. | |
| 583 | |k Hugo Gaete |c 20200117 | ||
| 650 | 0 | 0 | |a DERECHO PARLAMENTARIO |9 408024 |
| 650 | 0 | 0 | |a Derecho español |9 255291 |
| 650 | 0 | 0 | |a PARLAMENTARISMO ESPAÑOL |9 432868 |
| 942 | |2 ddc |c BK | ||
| 999 | |c 376112 |d 376110 | ||
| 952 | |0 0 |1 0 |2 ddc |4 0 |6 328_460900000000000_SAN_2019 |7 0 |9 495283 |a BIBDER |b BIBDER |d 2020-01-02 |e 36 |g 33870.00 |i 5568994 |o 328.4609 SAN 2019 |p 5568994 |r 2023-01-25 |t 1 |v 33870.00 |w 2020-01-02 |y BK |k DER | ||